Revolutionary Russia
| Titel: | Revolutionary Russia : journal of the Study Group on the Russian Revolution |
|---|---|
| Körperschaft: | |
| Veröffentlicht: |
Basingstoke [u.a.] : Routledge, Taylor & Francis, 1988- London : Cass, anfangs |
| Erscheinungsverlauf: | 1.1988 - |
| Umfang: | Online-Ressource |
| Format: | Elektronische Zeitschrift |
| Sprache: | Englisch |
| Andere Ausgaben: |
Erscheint auch als Druck-Ausgabe: Revolutionary Russia. - Abingdon, Oxfordshire : Routledge Journals, Taylor & Francis Group, 1988-
|
| ISSN: | 1743-7873 ; 0954-6545 |
X
alg: 12376428
001A $06050:23-09-04
001B $06050:09-02-26 $t13:50:25.000
001D $06050:10-10-15
001U $0utf8
001X $00
002@ $0Obvc
002C $aText $btxt $2rdacontent
002D $aComputermedien $bc $2rdamedia
002E $aOnline-Ressource $bcr $2rdacarrier
003@ $0123764289
003O $01083806727 $aOCoLC
005A $01743-7873
005P $00954-6545 $Sp
006Z $02160783-7
007A $02160783-7 $aZDB
009Q $SV15 $uhttps://www.tandfonline.com/openurl?genre=journal&stitle=frvr20 $xH
009Q $uhttps://ezb.ur.de/?2160783-7 $xF
009Q $uhttps://www.tandfonline.com/loi/frvr20 $xH
010@ $aeng
011@ $a1988 $n1988-
013D $RPresse $RFortlaufendes Sammelwerk $#Periodicals $#Yearbooks $#Périodiques $#Annuaires $#Publicaciones periódicas $#journals $#Periodical $#Periodicals as Topic $#Zeitschrift $#Zeitschrift $#Zeitschrift $#Periodikum $#Zeitschriften $74067488-5 $8Zeitschrift [Tsz] $9085189774
016A $aDg
017B $aZDB-7-TFS
018@ $0u
021A $aRevolutionary Russia $djournal of the Study Group on the Russian Revolution
026C $aRevol Russ
029F $BHerausgebendes Organ $#SGRR $4isb $71040722-4 $8Study Group on the Russian Revolution [Tb1] $9042114918
031@ $a1.1988 -
031N $d1 $6 $j1988
033A $pBasingstoke {[u.a.] $nRoutledge, Taylor & Francis
033A $pLondon $hanfangs $zf $nCass
034D $aOnline-Ressource
037A $aGesehen am 09.09.11
039D $aErscheint auch als $8--Abvc--. Revolutionary Russia. - Abingdon, Oxfordshire : Routledge Journals, Taylor & Francis Group, 1988-. - ISSN 0954-6545 $9048534994 $nDruck-Ausgabe
044K $qZDB $RRevolution $74178762-6 $8Russische Revolution$g1905 [Ts1] $9085848239
044K $qZDB $RRevolution $#Russia History February Revolution, 1917 $#Russie 1917 (Révolution) $#Rusia Historia 1917 (Revolución de Febrero) $#Russische Revolution 1917 $#Fevralʹskaja revoljucija 1917 $#Fevralʹskaja revoljucija 1917 goda $74153812-2 $8Februarrevolution$g1917 [Ts1] $9085647160
044K $qZDB $RRevolution $#Soviet Union History Revolution, 1917-1921 $#Russie 1917 (Révolution) $#Oktoberrevolution $#Russische Revolution 1917, Oktober $#Revolution Russland 1917, Oktober $#Sowjetische Revolution 1917 $74043429-1 $8Oktoberrevolution [Ts1] $9085121371
045U $e900 $e940
lok: 12376428 3
101B $016-08-06 $t09:44:38.000
101C $016-08-06
145S/01 $a039
101U $0utf8
exp: 12376428 3 1 #EPN
201B/01 $005-06-25 $t11:57:59.000
201C/01 $015-03-05
201U/01 $0utf8
203@/01 $0232456178
208@/01 $a15-03-05 $bp
209A/01 $a/ $f900 $x00
209B/01 $a520 $x05
209C/01 $ae-only
209S/01 $uhttps://ezb.ur.de/?2160783-7&bibid=UBFM $XF
245G/01 $cej
247C/01 $8601900-6 <30/900>Frankfurt, Universität Frankfurt, Elektronische Ressourcen $9210502010
lok: 12376428 5
exp: 12376428 5 1 #EPN
201B/01 $023-04-24 $t02:06:51.499
201C/01 $013-03-24
201U/01 $0utf8
203@/01 $01258203529
208@/01 $a13-03-24 $bl
209S/01 $uhttps://ezb.ur.de/?2160783-7&bibid=FHF $XF
lok: 12376428 21
exp: 12376428 21 1 #EPN
201B/01 $023-04-24 $t02:06:51.509
201C/01 $013-03-24
201U/01 $0utf8
203@/01 $01258203502
208@/01 $a13-03-24 $bl
209S/01 $uhttps://ezb.ur.de/?2160783-7&bibid=FHFD $XF
lok: 12376428 25
exp: 12376428 25 1 #EPN
201B/01 $023-04-24 $t02:06:51.512
201C/01 $013-03-24
201U/01 $0utf8
203@/01 $01258203537
208@/01 $a13-03-24 $bl
209S/01 $uhttps://ezb.ur.de/?2160783-7&bibid=UBMZ $XF
lok: 12376428 78
exp: 12376428 78 1 #EPN
201B/01 $019-04-17 $t14:22:54.000
201U/01 $0utf8
203@/01 $079098296X
208@/01 $a12-11-16 $be
209A/01 $a/ $f000 $x00
220C/01 $aTitelaufnehmer: pg
220C/01 $aHerkunft: HI Marburg
245Z/01 $a01.02 $x01
247C/01 $82080>Marburg/Lahn, Herder-Institut, Forschungsbibliothek, Bibliographieportal $9336309341
lok: 12376428 204
exp: 12376428 204 1 #EPN
201B/01 $023-04-24 $t02:06:51.514
201U/01 $0utf8
203@/01 $0219782229
208@/01 $a23-09-04 $bla
209S/01 $uhttps://ezb.ur.de/?2160783-7&bibid=UBGIE $XF
lok: 12376428 205
exp: 12376428 205 1 #EPN
201B/01 $023-04-24 $t02:06:51.518
201C/01 $013-03-24
201U/01 $0utf8
203@/01 $01258203510
208@/01 $a13-03-24 $bl
209S/01 $uhttps://ezb.ur.de/?2160783-7&bibid=UBMA $XF
exp: 12376428 205 2 #EPN
201B/02 $014-03-24 $t22:48:26.000
201C/02 $027-07-23
201U/02 $0utf8
203@/02 $0124021958X
208@/02 $a27-07-23 $bp
209A/02 $a/ $f000 $x00
209B/02 $atandf_ssh $x05
209S/02 $uhttp://www.bibliothek.uni-regensburg.de/ezeit/?2160783&bibid=UBMA $XF
245G/02 $cej
247C/02 $8351000-1 <4>Marburg, Universität Marburg, Universitätsbibliothek $9102594767
| LEADER | 00000cas a2200000 c 4500 | ||
|---|---|---|---|
| 001 | 123764289 | ||
| 003 | DE-603 | ||
| 005 | 20260209135025.0 | ||
| 007 | cr|||||||||||| | ||
| 008 | 040923c19889999xx u| p|o 0 |1eng c | ||
| 016 | 7 | |2 DE-600 |a 2160783-7 | |
| 022 | |a 1743-7873 | ||
| 035 | |a (DE-599)ZDB2160783-7 | ||
| 035 | |a (OCoLC)1083806727 | ||
| 040 | |a DE-603 |b ger |c DE-603 |d DE-603 | ||
| 041 | |a eng | ||
| 084 | |a 900 |a 940 |q DE-600 |2 sdnb | ||
| 210 | 0 | 0 | |a Revol Russ |
| 245 | 0 | 0 | |a Revolutionary Russia |b journal of the Study Group on the Russian Revolution |
| 264 | 2 | 1 | |a London |b Cass |c anfangs |
| 264 | 3 | 1 | |a Basingstoke [u.a.] |b Routledge, Taylor & Francis |c 1988- |
| 300 | |a Online-Ressource | ||
| 336 | |a Text |b txt |2 rdacontent | ||
| 337 | |a Computermedien |b c |2 rdamedia | ||
| 338 | |a Online-Ressource |b cr |2 rdacarrier | ||
| 362 | 0 | |a 1.1988 - | |
| 363 | 0 | 1 | |8 1.1\x |a 1 |i 1988 |
| 500 | |a Gesehen am 09.09.11 | ||
| 650 | 7 | |a Russische Revolution |g 1905 |0 (DE-588)4178762-6 |0 (DE-603)085848239 |2 gnd | |
| 650 | 7 | |a Februarrevolution |g 1917 |0 (DE-588)4153812-2 |0 (DE-603)085647160 |2 gnd | |
| 650 | 7 | |a Oktoberrevolution |0 (DE-588)4043429-1 |0 (DE-603)085121371 |2 gnd | |
| 655 | 7 | |a Zeitschrift |2 gnd-content |0 (DE-588)4067488-5 |0 (DE-603)085189774 | |
| 710 | 2 | |a Study Group on the Russian Revolution |e Herausgebendes Organ |4 isb |0 (DE-603)042114918 |0 (DE-588)1040722-4 |2 gnd | |
| 776 | 0 | 8 | |i Erscheint auch als |n Druck-Ausgabe |t Revolutionary Russia |d Abingdon, Oxfordshire : Routledge Journals, Taylor & Francis Group, 1988- |x 0954-6545 |w (DE-603)048534994 |w (DE-600)1012428-7 |
| 776 | 1 | |x 0954-6545 | |
| 856 | |u https://www.tandfonline.com/openurl?genre=journal&stitle=frvr20 |x Verlag | ||
| 856 | |u https://ezb.ur.de/?2160783-7 |x EZB | ||
| 856 | |u https://www.tandfonline.com/loi/frvr20 |x Verlag | ||
| 912 | |a ZDB-7-TFS | ||
| 924 | 1 | |9 30/900 |a (DE-603)232456178 |b DE-30-900 |c HES |d d |g / |k https://ezb.ur.de/?2160783-7&bibid=UBFM | |
| 924 | 1 | |9 603 |a (DE-603)1258203529 |b DE-603 |c HES |d d | |
| 924 | 1 | |9 603 |a (DE-603)1258203502 |b DE-603 |c HES |d d | |
| 924 | 1 | |9 603 |a (DE-603)1258203537 |b DE-603 |c HES |d d | |
| 924 | 1 | |9 2080 |a (DE-603)79098296X |b DE-2080 |c HES |d d |g / | |
| 924 | 1 | |9 603 |a (DE-603)219782229 |b DE-603 |c HES |d d | |
| 924 | 1 | |9 603 |a (DE-603)1258203510 |b DE-603 |c HES |d d | |
| 924 | 1 | |9 4 |a (DE-603)124021958X |b DE-4 |c HES |d c |g / |k http://www.bibliothek.uni-regensburg.de/ezeit/?2160783&bibid=UBMA | |


